ज्ञान अमृत/ (Record no. 206458)
[ view plain ]
| 000 -LEADER | |
|---|---|
| fixed length control field | 00824nam a22001937a 4500 |
| 005 - DATE AND TIME OF LATEST TRANSACTION | |
| control field | 20241017124356.0 |
| 010 ## - LCCN (DPL NO) | |
| LC control number | HIN-128672 |
| 020 ## - INTERNATIONAL STANDARD BOOK NUMBER | |
| International Standard Book Number | 9789380962351 |
| Terms of availability | 495.00 |
| 035 ## - SYSTEM CONTROL NUMBER | |
| System control number | HN-101018 |
| 037 ## - SOURCE OF ACQUISITION | |
| Source of stock number/acquisition | DBAD |
| 082 ## - DEWEY DECIMAL CLASSIFICATION NUMBER | |
| Classification number | 000 |
| 100 ## - MAIN ENTRY--PERSONAL NAME | |
| Personal name | चौधरी अरविन्द |
| 245 ## - TITLE STATEMENT | |
| Title | ज्ञान अमृत/ |
| Statement of responsibility, etc | अरविन्द चौधरी |
| 250 ## - EDITION STATEMENT | |
| Edition statement | प्रथम |
| 260 ## - PUBLICATION, DISTRIBUTION, ETC. (IMPRINT) | |
| Place of publication, distribution, etc | प्रयागराज |
| Name of publisher, distributor, etc | मालविका प्रकाशन |
| Date of publication, distribution, etc | 2021 |
| 270 ## - ADDRESS | |
| Address | 2189/190बी/10 ओम प्रकाश सभासद नगर,सेक्टर नं 21 |
| City | प्रयागराज |
| Electronic mail address | srityagiji@rediffmail.com |
| -- | omtyagiji@gmail.com |
| 300 ## - PHYSICAL DESCRIPTION | |
| Extent | 223 पृ. |
| Dimensions | 22 सेमी (सजिल्द) |
| 942 ## - ADDED ENTRY ELEMENTS (KOHA) | |
| Item type | Hindi Books |
| Source of classification or shelving scheme | Dewey Decimal Classification |
| Classification part | 000 |
| Call number suffix | चौधरी |
| Edition | 2021 |
| Withdrawn status | Lost status | Not for loan | Collection code | Home library | Current library | Date acquired | Source of acquisition | Cost, normal purchase price | Full call number | Barcode | Copy number | Cost, replacement price | Koha item type |
|---|---|---|---|---|---|---|---|---|---|---|---|---|---|
| Non-fiction | Kadipur | Kadipur | 17/10/2024 | DBAD | 495.00 | 000 चौधरी | HN-101018 | 1 | 495.00 | Hindi Books |
